Statistiken für Schiedsrichter der Fußballbundesliga

Klicken Sie hier um das Quiz zu spielen!

Allgemein

  • Dieses Quiz wurde 67 mal gespielt
  • Das Durchschnittsergebnis liegt bei 7 aus 24

Antwortstatistiken

DFB Schiedsrichter seit:DFB Schiedsrichter:% Korrekt
2008Deniz Aytekin
94%
2004Felix Brych
87%
2009Felix Zwayer
64%
2012Tobias Stieler
43%
2016Patrick Ittrich
40%
2014Sascha Stegemann
36%
2024Florian Exner
34%
2016Harm Osmers
32%
2015Benjamin Brand
28%
2018Daniel Schlager
28%
2012Daniel Siebert
26%
2020Florian Badstübner
23%
2010Tobias Welz
23%
2016Frank Willenborg
21%
2017Martin Petersen
21%
2010Christian Dingert
19%
2020Matthias Jöllenbeck
19%
2012Bastian Dankert
17%
2018Robert Schröder
17%
2017Sven Jablonski
17%
2011Robert Hartmann
13%
2017Sören Storks
11%
2020Tobias Reichel
11%
2023Timo Gerach
6%

Verteilung der Resultate

Perzentil nach korrekt beantworteten Fragen

Anzahl Personen mit jedem Resultat

Ihre Resultats-Entwicklung

Sie haben dieses Quiz noch nicht gespielt